Polscy politycy po 1 podpowiedzi. - Statystyki

Ogólne statystyki
  • Ten quiz został rozwiązany 58 razy
  • Średni wynik to 12 z 15
Statystyki odpowiedzi
podpowiedź Odpowiedź % Poprawnych
Obecny premier Polski Donald Tusk
100%
Prezydent Polski od sierpnia 2025 roku Karol Nawrocki
100%
Prezydent Polski, którego samolot uległ katastrofie Lech Kaczyński
98%
Premier Polski w latach 2019-2023 Mateusz Morawiecki
98%
Kandydat PO na prezydenta w 2020 i 2025 roku Rafał Trzaskowski
98%
Kandydat konfederacji na prezydenta w 2025 roku Sławomir Mentzen
94%
Prezydent Polski w latach 1995-2005 Aleksander Kwaśniewski
90%
Założyciel partii Polska2050 Szymon Hołownia
88%
Obecny marszałek Sejmu RP Włodzimierz Czarzasty
86%
Obecny minister obrony narodowej Władysław Kosiniak-Kamysz
78%
Obecny minister spraw zagranicznych Radosław Sikorski
73%
Polityk znany z tego, że do herbaty dosypuje 17 łyżeczek cukru Janusz Korwin-Mikke
71%
Były członek rządu PiS-u, który uciekł na Węgry, a następnie do USA Marcin Romanowski
51%
Były minister sprawiedliwości w rządzie koalicji Adam Bodnar
47%
Prezes partii PiS Jarosław Kaczyński
35%
Nie znaleziono quizów pasujących do podanych kryteriów
Rozkład punktacji
Procent ludzi z każdym wynikiem
Percentyl według liczby udzielonych odpowiedzi
Twoja historia wyników
Nie rozwiązałeś tego quizu